| 000 | 00000nas##2200000za#4500 |
| 001 | 9.510899 |
| 003 | CaOODSP |
| 005 | 20240522111841 |
| 007 | ta |
| 008 | 150406c2003||||xxc|| p #||||f| |0fre|d |
| 022 | |a1705-5237 |
| 040 | |aCaOODSP|bfre |
| 041 | |aeng |
| 041 | |afre |
| 043 | |an-cn--- |
| 086 | 1 |aIu74-1 |
| 110 | 1 |aCanada. |bBureau du Surintendant des faillites. |
| 245 | 10|aBulletin du BSF |
| 260 | |aOttawa - Ontario : |bIndustrie Canada. |
| 310 | |aIrrégulier |
| 362 | 1 |a[2002-1]-- |
| 500 | |aFait suite à: Bulletin sur l'insolvabilité. |
| 520 | 3 |aRenferme des nouvelles et des renseignements susceptibles d’intéresser les professionnels de la faillite et de l’insolvabilité au Canada. Il tient le milieu de l’insolvabilité au fait des activités du Bureau du surintendant des faillites (BSF), abordant des sujets comme la révision parlementaire, les changements apportés à la structure organisationnelle du BSF et les nouveautés dans le domaine du droit et des politiques de l’insolvabilité. Comprend également des sommaires de décisions récentes dans des affaires de faillite et analyse les tendances de l’insolvabilité au Canada. |
| 563 | |aCouverture souple |
| 776 | 0#|tBulletin du BSF |w(CaOODSP)9.501555 |
| 776 | 0#|tOSB newsletter |w(CaOODSP)9.505155 |
| 791 | |tOSB newsletter |eeng|w(CaOODSP)9.510898 |